Štatistická ročenka Slovenskej republiky ...
| Corporate Author: | |
|---|---|
| Format: | Serial |
| Language: | Slovak English |
| PhysicalDescription: | zv. grafy, mapy, tab. 24 cm 1 CD-ROM |
| Published: |
Bratislava
Veda
|
| ISBN: | 8022407429 (viaz. : r. 2002) 8022408271 (viaz. : r. 2004) 8022408824 (viaz. : r. 2005) 8022407844 (viaz. : r. 2003) 8022409375 (viaz. : r. 2006) 9788022409902 (viaz. : r. 2007) 9788022410533 (viaz. : r. 2008) 9788022411035 (viaz. : r. 2009) 9788022411639 (viaz. : r. 2010) 9788022412155 (viaz. : r. 2011) 9788022412667 (viaz. : r. 2012) 9788022413336 (viaz. : r. 2013) 9788022414050 (viaz. : r. 2014) 9788022414821 (viaz. : r. 2015) 9788022415415 (viaz. : r. 2016) 9788022416290 (viaz. : r. 2017) 9788022417006 (viaz. : r. 2018) 9788022417921 (viaz. : r. 2019) 9788022418591 (viaz. : r. 2020) 9788022419253 (viaz. : r. 2021) 8088704102 (viaz. : r. 1993) 8022404446 (viaz. : r. 1994) 8022405760 (viaz. : r. 1998) 8022405906 (viaz. : r. 1999) 8022405086 (viaz. : r. 1997) 8022404845 (viaz. : r. 1996) 8022404160 (viaz. : r. 1995) 8022406945 (viaz. : r. 2001) 8022406503 (viaz. : r. 2000) |
| Subjects: | |
| Online Access: | https://slovak.statistics.sk/wps/portal/ext/products/publikacie/publicationsArchive/!ut/p/z1/jZFdk5owGIV_y154GfICCYTeodsirjoF16_cOAkEpYK4ymrtr2_cfoxrq0suMkzmPOd9zwFzPMN8Iw75UtR5tREF7mGey9I4JqUBhmkx1yGWSZhn2fpbq-f-RtpsiflOZWqndsaq2td4djwejWVVLQtlJFX5P93rrsCzVV1v959a0IL3QAvOiLUbdAYa2Yp6hfJNVuGZSECSjCjkpVmGCGUMCWkLZCtlMZqpxBX0jObfXl64j3lSbWr1XS9Uyb1Yof0abV9lC_RV5GuR5KoFh72q16fLl0ZD3hfDmMMIOCalxDU9cG6s_2uWWNevosjrE56lzM4yK5HISaVAxM0UkkymyExtmrCUCkm9-3m0MdKGeut1nR-06V_3P9EuHhqNm-M5dxeRG7J |
MARC
| LEADER | 00000cas a2200000 a 4500 | ||
|---|---|---|---|
| 001 | vtls001483550 | ||
| 003 | SK-MaSNL | ||
| 005 | 20260425194103.0 | ||
| 008 | 041014c199u9999xo ar| s 0 0b0slo | ||
| 015 | |a SNBE1999/02-00755 (r. 1997) |a SNBE1999/03-01790 (r. 1998) |a SNBE2000/04-01730 (r. 1999) |a SNBE2001/03-01932 (r. 2000) |a SNBE2002/04-01691 (r. 2001) |a SNB2007/04-01409 (r. 2003) |a SNB2007/04-01410 (r. 2004) |a SNB2007/04-01411 (r. 2005) |a SNB2007/04-01551 (r. 2006) |a SNB2008/03-01067 (r. 2007) |a SNBB2009/04-01565 (r. 2008) |a SNB2011/01-00304 (r. 2009) |a SNB2011/01-00305 (r. 2010) |a SNB2012/03-00621 (r. 2011) |a SNB2013-(r. 2012) |a SNB2014-(r. 2013) |a SNB2015-(r. 2014) |a SNB2016-(r. 2015) |a SNB2017-(r. 2016) |a SNB2018-(r. 2017) |a SNB2019-(r. 2018) |a SNB2020-(r. 2019) |a SNB2022-(r. 2020, r. 2021) | ||
| 020 | |a 8022407429 (viaz. : r. 2002) | ||
| 020 | |a 8022408271 (viaz. : r. 2004) | ||
| 020 | |a 8022408824 (viaz. : r. 2005) | ||
| 020 | |a 8022407844 (viaz. : r. 2003) | ||
| 020 | |a 8022409375 (viaz. : r. 2006) | ||
| 020 | |a 9788022409902 (viaz. : r. 2007) | ||
| 020 | |a 9788022410533 (viaz. : r. 2008) | ||
| 020 | |a 9788022411035 (viaz. : r. 2009) | ||
| 020 | |a 9788022411639 (viaz. : r. 2010) | ||
| 020 | |a 9788022412155 (viaz. : r. 2011) | ||
| 020 | |a 9788022412667 (viaz. : r. 2012) | ||
| 020 | |a 9788022413336 (viaz. : r. 2013) | ||
| 020 | |a 9788022414050 (viaz. : r. 2014) | ||
| 020 | |a 9788022414821 (viaz. : r. 2015) | ||
| 020 | |a 9788022415415 (viaz. : r. 2016) | ||
| 020 | |a 9788022416290 (viaz. : r. 2017) | ||
| 020 | |a 9788022417006 (viaz. : r. 2018) | ||
| 020 | |a 9788022417921 (viaz. : r. 2019) | ||
| 020 | |a 9788022418591 (viaz. : r. 2020) | ||
| 020 | |a 9788022419253 (viaz. : r. 2021) | ||
| 020 | |a 8088704102 (viaz. : r. 1993) | ||
| 020 | |a 8022404446 (viaz. : r. 1994) | ||
| 020 | |a 8022405760 (viaz. : r. 1998) | ||
| 020 | |a 8022405906 (viaz. : r. 1999) | ||
| 020 | |a 8022405086 (viaz. : r. 1997) | ||
| 020 | |a 8022404845 (viaz. : r. 1996) | ||
| 020 | |a 8022404160 (viaz. : r. 1995) | ||
| 020 | |a 8022406945 (viaz. : r. 2001) | ||
| 020 | |a 8022406503 (viaz. : r. 2000) | ||
| 035 | |a SNK000438844 | ||
| 040 | |a SNK |b slo |c SNK |d SAVUK |d SVKBB |e AACR2 | ||
| 041 | 0 | |a slo |a eng | |
| 043 | |a e-xo--- | ||
| 044 | |a xo |c SK | ||
| 072 | 7 | |a 311 |x Štatistika |2 konspekt | |
| 080 | |a 311 |2 2011 | ||
| 080 | |a (437.6) |2 2011 | ||
| 080 | |a (058) |2 2011 | ||
| 110 | 1 | |a Slovensko. |b Štatistický úrad | |
| 245 | 1 | 0 | |a Štatistická ročenka Slovenskej republiky ... |c Štatistický úrad Slovenskej republiky |
| 246 | 1 | 1 | |a Statistical yearbook of the Slovak Republic ... |
| 260 | |a Bratislava |b Veda | ||
| 300 | |a zv. |b grafy, mapy, tab. |c 24 cm |e 1 CD-ROM | ||
| 310 | |a 1x ročne | ||
| 362 | 0 | |a 1991- | |
| 500 | |a Popis podľa: R. 2003 | ||
| 500 | |a Súčasťou publikácie je elektronická verzia na CD-ROM | ||
| 500 | |a Vecný reg. | ||
| 546 | |a Súbežný text angl. | ||
| 650 | 0 | 7 | |a štatistika |2 SNKPH |9 778 |
| 650 | 0 | 7 | |a Statistics |2 SNKPHeng |9 266405 |
| 651 | 7 | |a Slovensko |2 SNKPHgeo |9 14231 | |
| 651 | 7 | |a Slovakia |2 SNKPHeng |9 92630 | |
| 655 | 7 | |a ročenky |2 SNKPH |9 57146 | |
| 655 | 7 | |a Yearbooks |2 SNKPHeng |9 120938 | |
| 852 | |a Štátna vedecká knižnica v Banskej Bystrici | ||
| 856 | 4 | 1 | |u https://slovak.statistics.sk/wps/portal/ext/products/publikacie/publicationsArchive/!ut/p/z1/jZFdk5owGIV_y154GfICCYTeodsirjoF16_cOAkEpYK4ymrtr2_cfoxrq0suMkzmPOd9zwFzPMN8Iw75UtR5tREF7mGey9I4JqUBhmkx1yGWSZhn2fpbq-f-RtpsiflOZWqndsaq2td4djwejWVVLQtlJFX5P93rrsCzVV1v959a0IL3QAvOiLUbdAYa2Yp6hfJNVuGZSECSjCjkpVmGCGUMCWkLZCtlMZqpxBX0jObfXl64j3lSbWr1XS9Uyb1Yof0abV9lC_RV5GuR5KoFh72q16fLl0ZD3hfDmMMIOCalxDU9cG6s_2uWWNevosjrE56lzM4yK5HISaVAxM0UkkymyExtmrCUCkm9-3m0MdKGeut1nR-06V_3P9EuHhqNm-M5dxeRG7J |
| 910 | |a snk | ||
| 910 | |a savuk | ||
| 910 | |a snslp | ||
| 910 | |a sllk | ||
| 910 | |a bjkdg | ||
| 910 | |a svkpo | ||
| 910 | |a skpk | ||
| 910 | |a totk | ||
| 910 | |a hevk | ||
| 919 | |a 80-224-0742-9 | ||
| 919 | |a 80-224-0827-1 | ||
| 919 | |a 80-224-0882-4 | ||
| 919 | |a 80-224-0784-4 | ||
| 919 | |a 80-224-0937-5 | ||
| 919 | |a 978-80-224-0990-2 | ||
| 919 | |a 978-80-224-1053-3 | ||
| 919 | |a 978-80-224-1103-5 | ||
| 919 | |a 978-80-224-1163-9 | ||
| 919 | |a 978-80-224-1215-5 | ||
| 919 | |a 978-80-224-1266-7 | ||
| 919 | |a 978-80-224-1333-6 | ||
| 919 | |a 978-80-224-1405-0 | ||
| 919 | |a 978-80-224-1482-1 | ||
| 919 | |a 978-80-224-1541-5 | ||
| 919 | |a 978-80-224-1629-0 | ||
| 919 | |a 978-80-224-1700-6 | ||
| 919 | |a 978-80-224-1792-1 | ||
| 919 | |a 978-80-224-1859-1 | ||
| 919 | |a 978-80-224-1925-3 | ||
| 919 | |a 80-88704-10-2 | ||
| 919 | |a 80-224-0444-6 | ||
| 919 | |a 80-224-0576-0 | ||
| 919 | |a 80-224-0590-6 | ||
| 919 | |a 80-224-0508-6 | ||
| 919 | |a 80-224-0484-5 | ||
| 919 | |a 80-224-0416-0 | ||
| 919 | |a 80-224-0694-5 | ||
| 919 | |a 80-224-0650-3 | ||
| 999 | |c 3631 |d 5561 | ||
| 952 | |t R. 1996 |a SNK |b SNK |y NEVYP |7 0 |o snkC 644 |i snk1209/970318 |0 0 |1 0 |4 0 |d 1997-03-13 |l 0 |r 2005-01-02 00:00:00 |w 2026-02-21 | ||
| 952 | |a SNK |b SNK |y PREZ |7 0 |p 17A0052845 |o snkČSC 1835/6/1996 |i snkKSP 3197/97 |8 0 |0 0 |1 0 |4 0 |d 1997-03-13 |l 0 |r 2005-01-02 00:00:00 |w 2026-02-21 | ||
| 952 | |a SNK |b SNK |y PREZ |7 0 |p 17A0052846 |o snkČSC 1835/6/1996 D1 |i snkKSP 3198/97 |8 0 |0 0 |1 0 |4 0 |d 1997-03-13 |l 0 |r 2005-01-02 00:00:00 |w 2026-02-21 | ||
| 952 | |a SNK |b SNK |y PREZ |7 0 |p 17A0219622 |o snkČSC 1835/8/1998 |i snkKSP 11881/99 |8 0 |0 0 |1 0 |4 0 |d 1999-12-01 |l 0 |r 2005-01-02 00:00:00 |w 2026-02-21 | ||
| 952 | |a SNK |b SNK |y PREZ |7 0 |p 17A0488653 |o snkČSC 1835/15/2005 |i snk2006/4548 |8 0 |0 0 |1 0 |4 0 |d 2006-03-02 |l 0 |r 2026-02-21 19:46:52 |w 2026-02-21 | ||
| 952 | |a SNK |b SNK |y PREZ |7 0 |p 17A0488654 |o snkČSC 1835/15/2005 D1 |i snk2006/4549 |8 0 |0 0 |1 0 |4 0 |d 2006-03-02 |l 0 |r 2026-02-21 19:46:52 |w 2026-02-21 | ||
| 952 | |a SNK |b SNK |y PREZ |7 0 |p 17A0661160 |o snkČSC 1835/19/2009 |i snk2010/14905 |8 0 |0 0 |1 0 |4 0 |d 2010-07-12 |l 0 |r 2026-02-21 19:53:34 |w 2026-02-21 | ||
| 952 | |a SNK |b SNK |y PREZ |7 0 |p 17A0661161 |o snkČSC 1835/19/2009/príl. |i snk2010/14905 |8 0 |0 0 |1 0 |4 0 |d 2010-07-12 |l 0 |r 2026-02-21 19:53:34 |w 2026-02-21 | ||
| 952 | |a SNK |b SNK |y PREZ |7 0 |p 17A0679151 |o snkČSC 1835/20/2010/príl. |i snk2011/2472 |8 0 |0 0 |1 0 |4 0 |d 2011-02-01 |l 0 |r 2026-02-21 19:56:34 |w 2026-02-21 | ||
| 952 | |a SNK |b SNK |y PREZ |7 0 |p 17A1462320 |o snkČSC 1835/2020 |i snk2022/9422 |8 0 |z V predslove uvedené: jubilejné 30. vydanie |0 0 |1 0 |4 0 |d 2022-06-10 |l 0 |r 2026-02-21 20:03:18 |w 2026-02-21 | ||
| 952 | |t 1 CD-ROM |a SNK |b SNK |y PREZ |7 0 |p 17A1462321 |o snkČSC 1835/2020/príl. |i snk2022/9422 |8 0 |0 0 |1 0 |4 0 |d 2022-06-10 |l 0 |r 2026-02-21 20:03:18 |w 2026-02-21 | ||
| 952 | |a SNK |b SNK |y PREZ |7 0 |p 17A1462322 |o snkČSC 1835/2020 D1 |i snk2022/9428 |8 0 |z V predslove uvedené: jubilejné 30. vydanie |0 0 |1 0 |4 0 |d 2022-06-10 |l 0 |r 2026-02-21 20:03:18 |w 2026-02-21 | ||
| 952 | |t 1 CD-ROM |a SNK |b SNK |y PREZ |7 0 |p 17A1462323 |o snkČSC 1835/2020/príl. D1 |i snk2022/9428 |8 0 |0 0 |1 0 |4 0 |d 2022-06-10 |l 0 |r 2026-02-21 20:03:18 |w 2026-02-21 | ||
| 952 | |a SNK |b SNK |y PREZ |7 0 |p 17A1462324 |o snkČSC 1835/2021 |i snk2022/9437 |8 0 |z V predslove uvedené: 31. vydanie |0 0 |1 0 |4 0 |d 2022-06-10 |l 0 |r 2026-02-21 20:03:18 |w 2026-02-21 | ||
| 952 | |t 1 CD-ROM |a SNK |b SNK |y PREZ |7 0 |p 17A1462325 |o snkČSC 1835/2021/príl. |i snk2022/9437 |8 0 |0 0 |1 0 |4 0 |d 2022-06-10 |l 0 |r 2026-02-21 20:03:18 |w 2026-02-21 | ||
| 952 | |a SNK |b SNK |y PREZ |7 0 |p 17A1462326 |o snkČSC 1835/2021 D1 |i snk2022/9439 |8 0 |z V predslove uvedené: 31. vydanie |0 0 |1 0 |4 0 |d 2022-06-10 |l 0 |r 2026-02-21 20:03:19 |w 2026-02-21 | ||
| 952 | |t 1 CD-ROM |a SNK |b SNK |y PREZ |7 0 |p 17A1462327 |o snkČSC 1835/2021/príl. D1 |i snk2022/9439 |8 0 |0 0 |1 0 |4 0 |d 2022-06-10 |l 0 |r 2026-02-21 20:03:20 |w 2026-02-21 | ||
| 952 | |a SNK |b SNK |y PREZ |7 0 |p 17A0219623 |o snkČSC 1835/8/1998 D1 |i snkKSP 11882/99 |0 0 |1 0 |4 0 |d 1999-12-01 |l 0 |r 2005-01-02 00:00:00 |w 2026-02-21 | ||
| 952 | |a SNK |b SNK |y PREZ |7 0 |p 17A0679149 |o snkČSC 1835/20/2010 |i snk2011/2472 |8 0 |0 0 |1 0 |4 0 |d 2011-02-01 |l 0 |r 2026-02-21 20:08:56 |w 2026-02-21 | ||
| 952 | |a SNK |b SNK |y PREZ |7 0 |p 17A0609687 |o snkČSC 1835/18/2008 |i snk2009/15845 |8 0 |0 0 |1 0 |4 0 |d 2009-09-04 |l 0 |r 2026-02-21 20:16:08 |w 2026-02-21 | ||
| 952 | |a SNK |b SNK |y PREZ |7 0 |p 17A0534137 |o snkČSC 1835/16/2006 |i snk2007/4635 |8 0 |0 0 |1 0 |4 0 |d 2007-02-20 |l 0 |r 2026-02-21 20:19:45 |w 2026-02-21 | ||
| 952 | |a SNK |b SNK |y PREZ |7 0 |p 17A0556030 |o snkČSC 1835/12/2002 |i snk2007/17428 |8 1 |0 0 |1 0 |4 0 |d 2007-07-16 |l 0 |r 2026-02-21 20:27:59 |w 2026-02-21 | ||
| 952 | |a SNK |b SNK |y PREZ |7 0 |p 17A0101658 |o snkČSC 1835/93 D1 |0 0 |1 0 |4 0 |d 1997-10-07 |l 0 |r 2005-01-02 00:00:00 |w 2026-02-21 | ||
| 952 | |a SNK |b SNK |y PREZ |7 0 |p 17A0249389 |o snkČSC 1835/9/1999 |i snkKSP 8796/2000 |0 0 |1 0 |4 0 |d 2000-08-28 |l 0 |r 2005-01-02 00:00:00 |w 2026-02-21 | ||
| 952 | |a SNK |b SNK |y PREZ |7 0 |p 17A0249391 |o snkČSC 1835/9/1999 D1 |i snkKSP 8797/2000 |0 0 |1 0 |4 0 |d 2000-08-28 |l 0 |r 2005-01-02 00:00:00 |w 2026-02-21 | ||
| 952 | |a SNK |b SNK |y PREZ |7 0 |p 17A1145276 |o snkČSC 1835/24/2014 |i snk2015/25234 |8 0 |0 0 |1 0 |4 0 |d 2015-08-25 |l 0 |r 2026-02-21 20:43:11 |w 2026-02-21 | ||
| 952 | |t 1 CD-ROM |a SNK |b SNK |y PREZ |7 0 |p 17A1145275 |o snkČSC 1835/24/2014/príl. |i snk2015/25234 |8 0 |0 0 |1 0 |4 0 |d 2015-08-25 |l 0 |r 2026-02-21 20:43:11 |w 2026-02-21 | ||
| 952 | |a SNK |b SNK |y PREZ |7 0 |p 17A0431733 |o snkČSC 1835/13/2003 |i snkPV 1383/2004 |0 0 |1 0 |4 0 |d 2004-10-14 |l 0 |r 2005-01-02 00:00:00 |w 2026-02-21 | ||
| 952 | |a SNK |b SNK |y PREZ |7 0 |p 17A0431735 |o snkČSC 1835/13/2003/príl. |i snkPV 1383/2004 |0 0 |1 0 |4 0 |d 2004-10-14 |l 0 |r 2005-01-02 00:00:00 |w 2026-02-21 | ||
| 952 | |a SNK |b SNK |y PREZ |7 0 |p 17A0181941 |o snkČSC 1835/7/1997 |i snkKSP 1358/99 |0 0 |1 0 |4 0 |d 1999-02-10 |l 0 |r 2005-01-02 00:00:00 |w 2026-02-21 | ||
| 952 | |a SNK |b SNK |y PREZ |7 0 |p 17A0181940 |o snkČSC 1835/7/1997 D1 |i snkKSP 1359/99 |0 0 |1 0 |4 0 |d 1999-02-10 |l 0 |r 2005-01-02 00:00:00 |w 2026-02-21 | ||
| 952 | |a SNK |b SNK |y PREZ |7 0 |p 17A0302653 |o snkČSC 1835/10/2000 |i snkKSP 6528/2001 |0 0 |1 0 |4 0 |d 2001-05-24 |l 0 |r 2005-01-02 00:00:00 |w 2026-02-21 | ||
| 952 | |a SNK |b SNK |y PREZ |7 0 |p 17A0302654 |o snkČSC 1835/10/2000 D1 |i snkKSP 6529/2001 |0 0 |1 0 |4 0 |d 2001-05-24 |l 0 |r 2005-01-02 00:00:00 |w 2026-02-21 | ||
| 952 | |a SNK |b SNK |y PREZ |7 0 |p 17A1030399 |o snkČSC 1835/21/2011 |i snk2012/11370 |8 0 |0 0 |1 0 |4 0 |d 2012-06-11 |l 0 |r 2026-02-21 21:01:56 |w 2026-02-21 | ||
| 952 | |a SNK |b SNK |y PREZ |7 0 |p 17A1030400 |o snkČSC 1835/21/2011/príl. |i snk2012/11370 |8 0 |0 0 |1 0 |4 0 |d 2012-06-11 |l 0 |r 2026-02-21 21:01:56 |w 2026-02-21 | ||
| 952 | |a SNK |b SNK |y PREZ |7 0 |p 17A0582898 |o snkČSC 1835/17/2007 |i snk2008/9947 |8 0 |0 0 |1 0 |4 0 |d 2008-05-06 |l 0 |r 2026-02-21 21:11:53 |w 2026-02-21 | ||
| 952 | |a SNK |b SNK |y PREZ |7 0 |p 17A0582897 |o snkČSC 1835/17/2007/príl. |i snk2008/9947 |8 0 |0 0 |1 0 |4 0 |d 2008-05-06 |l 0 |r 2026-02-21 21:11:53 |w 2026-02-21 | ||
| 952 | |a SNK |b SNK |y PREZ |7 0 |p 17A1206286 |o snkČSC 1835/26/2016 |i snk2017/11801 |8 0 |0 0 |1 0 |4 0 |d 2017-05-19 |l 0 |r 2026-02-21 21:14:12 |w 2026-02-21 | ||
| 952 | |t 1 CD-ROM |a SNK |b SNK |y PREZ |7 0 |p 17A1206287 |o snkČSC 1835/26/2016/príl. |i snk2017/11801 |8 0 |0 0 |1 0 |4 0 |d 2017-05-19 |l 0 |r 2026-02-21 21:14:12 |w 2026-02-21 | ||
| 952 | |a SNK |b SNK |y PREZ |7 0 |p 17A1045853 |o snkČSC 1835/23/2013 |i snk2014/12321 |8 0 |0 0 |1 0 |4 0 |d 2014-05-27 |l 0 |r 2026-02-21 21:14:30 |w 2026-02-21 | ||
| 952 | |t 1 CD-ROM |a SNK |b SNK |y PREZ |7 0 |p 17A1045854 |o snkČSC 1835/23/2013/príl. |i snk2014/12321 |8 0 |0 0 |1 0 |4 0 |d 2014-05-27 |l 0 |r 2026-02-21 21:14:33 |w 2026-02-21 | ||
| 952 | |a SNK |b SNK |y PREZ |7 0 |p 17A0011688 |o snkČSC 1835/1995 |i snkKSP 7793/96 |0 0 |1 0 |4 0 |d 1996-09-26 |l 0 |r 2005-01-01 00:00:00 |w 2026-02-21 | ||
| 952 | |a SNK |b SNK |y PREZ |7 0 |p 17A0011689 |o snkČSC 1835/1995 D1 |i snkKSP 7794/96 |0 0 |1 0 |4 0 |d 1996-09-26 |l 0 |r 2005-01-01 00:00:00 |w 2026-02-21 | ||
| 952 | |a SNK |b SNK |y PREZ |7 0 |p 17A0170315 |o snkČSC 1835/1992 |0 0 |1 0 |4 0 |d 1998-11-28 |l 0 |r 2005-01-02 00:00:00 |w 2026-02-21 | ||
| 952 | |a SNK |b SNK |y PREZ |7 0 |p 17A0352244 |o snkČSC 1835/11/2001 |i snkKSP 8597/2002 |0 0 |1 0 |4 0 |d 2002-07-22 |l 0 |r 2005-01-02 00:00:00 |w 2026-02-21 | ||
| 952 | |a SNK |b SNK |y PREZ |7 0 |p 17A0446400 |o snkČSC 1835/14/2004 |i snk2005/5534 |8 0 |0 0 |1 0 |4 0 |d 2005-04-07 |l 0 |r 2026-02-21 21:21:25 |w 2026-02-21 | ||
| 952 | |a SNK |b SNK |y PREZ |7 0 |p 17A0446428 |o snkČSC 1835/14/2004/príl. |i snk2005/5534 |8 0 |0 0 |1 0 |4 0 |d 2005-04-07 |l 0 |r 2026-02-21 21:21:25 |w 2026-02-21 | ||
| 952 | |a SNK |b SNK |y PREZ |7 0 |p 17A0488196 |o snkČSC 1835/15/2005/príl. |i snk2006/4548 |8 0 |0 0 |1 0 |4 0 |d 2007-10-29 |l 0 |r 2026-02-21 21:22:46 |w 2026-02-21 | ||
| 952 | |t 1 CD-ROM |a SNK |b SNK |y PREZ |7 0 |p 17A0488177 |o snkČSC 1835/15/2005/príl. D1 |i snk2006/4549 |8 0 |0 0 |1 0 |4 0 |d 2007-10-29 |l 0 |r 2026-02-21 21:22:46 |w 2026-02-21 | ||
| 952 | |a SNK |b SNK |y PREZ |7 0 |p 17A0488178 |o snkČSC 1835/16/2006/príl. |i snk2007/4635 |8 0 |0 0 |1 0 |4 0 |d 2007-10-29 |l 0 |r 2026-02-21 21:22:46 |w 2026-02-21 | ||
| 952 | |a SNK |b SNK |y PREZ |7 0 |p 17A0167409 |o snkČSC 1835/1993 |i snkKSP 6500/94 |0 0 |1 0 |4 0 |d 1998-11-04 |l 0 |r 2005-01-01 00:00:00 |w 2026-02-21 | ||
| 952 | |a SNK |b SNK |y NEVYP |7 1 |p 17A0329094 |0 0 |1 0 |4 0 |d 2002-01-15 |l 0 |r 2005-01-01 00:00:00 |w 2026-02-21 | ||
| 952 | |a SNK |b SNK |y PREZ |7 0 |p 17A0030530 |o snkČSC 1835/1994 |0 0 |1 0 |4 0 |d 1997-01-20 |l 0 |r 2005-01-01 00:00:00 |w 2026-02-21 | ||
| 952 | |a SNK |b SNK |y PREZ |7 0 |p 17A0867731 |o snkČSC 1835/22/2012 |i snk2013/3715 |8 0 |0 0 |1 0 |4 0 |d 2013-02-14 |l 0 |r 2026-02-21 21:30:51 |w 2026-02-21 | ||
| 952 | |t 1 CD-ROM |a SNK |b SNK |y PREZ |7 0 |p 17A0867822 |o snkČSC 1835/22/2012/príl. |i snk2013/3715 |8 0 |0 0 |1 0 |4 0 |d 2013-03-05 |l 0 |r 2026-02-21 21:31:08 |w 2026-02-21 | ||
| 952 | |a SNK |b SNK |y PREZ |7 0 |p 17A0609688 |o snkČSC 1835/18/2008/príl. |i snk2009/15845 |8 0 |0 0 |1 0 |4 0 |d 2009-09-04 |l 0 |r 2026-02-21 21:41:37 |w 2026-02-21 | ||
| 952 | |a SNK |b SNK |y PREZ |7 0 |p 17A1085065 |o snkČSC 1835/25/2015 |i snk2016/2325 |8 0 |0 0 |1 0 |4 0 |d 2016-01-29 |l 0 |r 2026-02-21 21:53:56 |w 2026-02-21 | ||
| 952 | |t 1 CD-ROM |a SNK |b SNK |y PREZ |7 0 |p 17A1085066 |o snkČSC 1835/25/2015/príl. |i snk2016/2325 |8 0 |0 0 |1 0 |4 0 |d 2016-01-29 |l 0 |r 2026-02-21 21:53:56 |w 2026-02-21 | ||
| 952 | |a SNK |b SNK |y PREZ |7 0 |p 17A1267634 |o snkČSC 1835/27/2017 |i snk2018/3707 |8 0 |0 0 |1 0 |4 0 |d 2018-02-08 |l 0 |r 2026-02-21 22:26:28 |w 2026-02-21 | ||
| 952 | |t 1 CD-ROM |a SNK |b SNK |y NEVYP |7 1 |p 17A1267635 |o snkČSC 1835/27/2017/príl. |i snk2018/3707 |8 0 |0 0 |1 0 |4 0 |d 2018-02-08 |l 0 |r 2026-02-21 22:26:28 |w 2026-02-21 | ||
| 952 | |a SNK |b SNK |y PREZ |7 0 |p 17A1343212 |o snkČSC 1835/28/2018 |i snk2019/4518 |8 0 |0 0 |1 0 |4 0 |d 2019-02-18 |l 0 |r 2026-02-21 22:28:16 |w 2026-02-21 | ||
| 952 | |t 1 CD-ROM |a SNK |b SNK |y PREZ |7 0 |p 17A1343213 |o snkČSC 1835/28/2018/príl. |i snk2019/4518 |8 0 |0 0 |1 0 |4 0 |d 2019-02-18 |l 0 |r 2026-02-21 22:28:16 |w 2026-02-21 | ||
| 952 | |a SNK |b SNK |y PREZ |7 0 |p 17A1386762 |o snkČSC 1835/29/2019 |i snk2020/4799 |8 0 |0 0 |1 0 |4 0 |d 2020-02-25 |l 0 |r 2026-02-21 22:29:59 |w 2026-02-21 | ||
| 952 | |t 1 CD-ROM |a SNK |b SNK |y PREZ |7 0 |p 17A1386763 |o snkČSC 1835/29/2019/príl. |i snk2020/4799 |8 0 |0 0 |1 0 |4 0 |d 2020-02-25 |l 0 |r 2026-02-21 22:29:59 |w 2026-02-21 | ||
| 952 | |t snkSTA/2009 311/príl. |a SNKMST |b SNKMST |y PREZ |7 0 |p 17A0661163 |o snkČSC 1835/19/2009/príl. D1 |i snk2010/14906 |8 0 |0 0 |1 0 |4 0 |d 2010-07-12 |l 0 |r 2025-08-13 00:00:00 |w 2026-02-21 | ||
| 952 | |t snkSTA/2010 311/príl. |a SNKMST |b SNKMST |y PREZ |7 0 |p 17A0679152 |o snkČSC 1835/20/2010/príl. D1 |i snk2011/2473 |8 0 |0 0 |1 0 |4 0 |d 2011-02-01 |l 0 |r 2025-08-11 00:00:00 |w 2026-02-21 | ||
| 952 | |t snkSTA/1997/príl. 311 |a SNKMST |b SNKMST |y PREZ |7 0 |p 17A1040359 |o snkČSC 1835/7/1997/príl. D2 |i snk2006/11067 |8 3 |z Príloha CDr |3 Príloha CDr |0 0 |1 0 |4 0 |d 2012-10-10 |l 0 |r 2025-08-11 00:00:00 |w 2026-02-21 | ||
| 952 | |t snkSTA/1999/príl. 311 |a SNKMST |b SNKMST |y PREZ |7 0 |p 17A1040360 |o snkČSC 1835/[9]/1999/príl. D2 |i snk2006/11069 |8 3 |z Príloha CDr |3 Príloha CDr |0 0 |1 0 |4 0 |d 2012-10-10 |l 0 |r 2025-08-11 00:00:00 |w 2026-02-21 | ||
| 952 | |t snkSTA/2014 311/pril. |a SNKMST |b SNKMST |y PREZ |7 0 |p 17A1145267 |o snkČSC 1835/24/2014/príl. D1 |i snk2015/25239 |8 0 |0 0 |1 0 |4 0 |d 2015-08-25 |l 0 |r 2025-08-11 00:00:00 |w 2026-02-21 | ||
| 952 | |t snkŠTA/2003/príl. 311 |a SNKMST |b SNKMST |y PREZ |7 0 |p 17A0431736 |o snkČSC 1835/13/2003/príl. D1 |i snkPV 1384/2004 |z snkŠTA/2003 311 príl. |0 0 |1 0 |4 0 |d 2004-10-14 |l 0 |r 2025-08-11 00:00:00 |w 2026-02-21 | ||
| 952 | |t snkSTA/2011/príl. 311 |a SNKMST |b SNKMST |y PREZ |7 0 |p 17A1030402 |o snkČSC 1835/21/2011/príl. D1 |i snk2012/11371 |8 0 |0 0 |1 0 |4 0 |d 2012-06-11 |l 0 |r 2025-08-11 00:00:00 |w 2026-02-21 | ||
| 952 | |t snkSTA/2013/príl. 311 |a SNKMST |b SNKMST |y PREZ |7 0 |p 17A1045856 |o snkČSC 1835/23/2013/príl. D1 |i snk2014/12326 |8 0 |0 0 |1 0 |4 0 |d 2014-05-27 |l 0 |r 2025-08-11 00:00:00 |w 2026-02-21 | ||
| 952 | |t snkSTA/2016 311/príl. |a SNKMST |b SNKMST |y PREZ |7 0 |p 17A1206289 |o snkČSC 1835/26/2016/príl. D1 |i snk2017/11804 |8 0 |0 0 |1 0 |4 0 |d 2017-05-19 |l 0 |r 2025-08-11 00:00:00 |w 2026-02-21 | ||
| 952 | |t snkSTA/2004 príl. 311 |a SNKMST |b SNKMST |y PREZ |7 0 |p 17A0446429 |o snkČSC 1835/14/2004/príl. D1 |i snk2005/5535 |8 0 |z snkŠTA/2004 311 príl. |0 0 |1 0 |4 0 |d 2005-04-07 |l 0 |r 2025-08-13 00:00:00 |w 2026-02-21 | ||
| 952 | |t snk STA/2007 311/príl. |a SNKMST |b SNKMST |y PREZ |7 0 |p 17A0582900 |o snkČSC 1835/17/2007/príl. D1 |i snk2008/9949 |8 0 |0 0 |1 0 |4 0 |d 2008-05-06 |l 0 |r 2025-08-11 00:00:00 |w 2026-02-21 | ||
| 952 | |t snk STA/2005 311 |a SNKMST |b SNKMST |y PREZ |7 0 |p 17A0510241 |o snkČSC 1835/15/2005/príl. D2 |i snk2006/18572 |8 3 |z snkSTA/2005 311 |0 0 |1 0 |4 0 |d 2007-10-29 |l 0 |r 2025-08-11 00:00:00 |w 2026-02-21 | ||
| 952 | |t snkSTA/2006 311/pril. |a SNKMST |b SNKMST |y PREZ |7 0 |p 17A0488179 |o snkČSC 1835/16/2006/príl. D1 |i snk2007/4636 |8 0 |0 0 |1 0 |4 0 |d 2007-10-29 |l 0 |r 2025-08-11 00:00:00 |w 2026-02-21 | ||
| 952 | |t snkSTA/2012/príl. 311 |a SNKMST |b SNKMST |y PREZ |7 0 |p 17A0867823 |o snkČSC 1835/22/2012/príl. D1 |i snk2013/3716 |8 0 |0 0 |1 0 |4 0 |d 2013-03-05 |l 0 |r 2025-08-11 00:00:00 |w 2026-02-21 | ||
| 952 | |t snkSTA/2008 311/pril. |a SNKMST |b SNKMST |y PREZ |7 0 |p 17A0609690 |o snkČSC 1835/18/2008/príl. D1 |i snk2009/15847 |8 0 |0 0 |1 0 |4 0 |d 2009-09-04 |l 0 |r 2025-08-11 00:00:00 |w 2026-02-21 | ||
| 952 | |t snkSTA/2015 311/pril. |a SNKMST |b SNKMST |y PREZ |7 0 |p 17A1085064 |o snkČSC 1835/25/2015/príl. D1 |i snk2016/2337 |8 0 |0 0 |1 0 |4 0 |d 2016-01-29 |l 0 |r 2025-08-11 00:00:00 |w 2026-02-21 | ||
| 952 | |t snkSTA/2017 311/pril. |a SNKMST |b SNKMST |y PREZ |7 0 |p 17A1267637 |o snkČSC 1835/27/2017/príl. D1 |i snk2018/3709 |8 0 |0 0 |1 0 |4 0 |d 2018-02-08 |l 0 |r 2025-08-11 00:00:00 |w 2026-02-21 | ||
| 952 | |t snkSTA/2018/príl. 311 |a SNKMST |b SNKMST |y PREZ |7 0 |p 17A1343215 |o snkČSC 1835/28/2018/príl. D1 |i snk2019/4520 |8 0 |0 0 |1 0 |4 0 |d 2019-02-18 |l 0 |r 2025-08-11 00:00:00 |w 2026-02-21 | ||
| 952 | |t snkSTA/2019/pril. 311 |a SNKMST |b SNKMST |y PREZ |7 0 |p 17A1386765 |o snkČSC 1835/29/2019/príl. D1 |i snk2020/4800 |8 0 |0 0 |1 0 |4 0 |d 2020-02-25 |l 0 |r 2025-08-11 00:00:00 |w 2026-02-21 | ||
| 952 | |t snkSTA/2016 311 |a SNKUST |b SNKUST |y PREZ |7 0 |p 17A1206288 |o snkČSC 1835/26/2016 D1 |i snk2017/11804 |8 0 |0 0 |1 0 |4 0 |d 2017-05-19 |l 0 |r 2025-04-30 00:00:00 |w 2026-02-21 | ||
| 952 | |t snkSTA/2009 311 |a SNKUST |b SNKUST |y PREZ |7 0 |p 17A0661162 |o snkČSC 1835/19/2009 D1 |i snk2010/14906 |8 0 |0 0 |1 0 |4 0 |d 2010-07-12 |l 0 |r 2025-04-30 00:00:00 |w 2026-02-21 | ||
| 952 | |t snkSTA/2010 311 |a SNKUST |b SNKUST |y PREZ |7 0 |p 17A0679150 |o snkČSC 1835/20/2010 D1 |i snk2011/2473 |8 0 |0 0 |1 0 |4 0 |d 2011-02-01 |l 0 |r 2025-04-30 00:00:00 |w 2026-02-21 | ||
| 952 | |t snkŠTA/1995 311 |a SNKUST |b SNKUST |y PREZ |7 0 |p 17A0329095 |o snkČSC 1835/5/1995 D2 |i snk2006/11064 |8 3 |z snkŠTA/1995 311 |0 0 |1 0 |4 0 |d 2006-06-02 |l 0 |r 2025-05-29 00:00:00 |w 2026-02-21 | ||
| 952 | |t snkŠTA/1996 311 |a SNKUST |b SNKUST |y PREZ |7 0 |p 17A0075329 |o snkČSC 1835/6/1996 D2 |i snk2006/11066 |8 3 |z snkŠTA/1996 311 |0 0 |1 0 |4 0 |d 2006-06-02 |l 0 |r 2025-05-29 00:00:00 |w 2026-02-21 | ||
| 952 | |t snkŠTA/1997 311 |a SNKUST |b SNKUST |y PREZ |7 0 |p 17A0113413 |o snkČSC 1835/7/1997 D2 |i snk2006/11067 |8 3 |z snkŠTA/1997 311 |0 0 |1 0 |4 0 |d 2006-06-02 |l 0 |r 2025-05-29 00:00:00 |w 2026-02-21 | ||
| 952 | |t snkŠTA/1999 311 |a SNKUST |b SNKUST |y PREZ |7 0 |p 17A0329099 |o snkČSC 1835/[9]/1999 D2 |i snk2006/11069 |8 3 |z snkŠTA/1999 311 |0 0 |1 0 |4 0 |d 2006-06-02 |l 0 |r 2025-05-29 00:00:00 |w 2026-02-21 | ||
| 952 | |t snkSTA/2006 311 |a SNKUST |b SNKUST |y PREZ |7 0 |p 17A0534138 |o snkČSC 1835/16/2006 D1 |i snk2007/4636 |8 0 |0 0 |1 0 |4 0 |d 2007-02-20 |l 0 |r 2025-04-30 00:00:00 |w 2026-02-21 | ||
| 952 | |t snkŠTA/1998 311 |a SNKUST |b SNKUST |y PREZ |7 0 |p 17A0329088 |o snkČSC 1835/8/1998 D2 |i snk2006/11068 |8 3 |z snkŠTA/1998 311 |0 0 |1 0 |4 0 |d 2006-06-02 |l 0 |r 2025-05-29 00:00:00 |w 2026-02-21 | ||
| 952 | |t snkSTA/2014 311 |a SNKUST |b SNKUST |y PREZ |7 0 |p 17A1145274 |o snkČSC 1835/24/2014 D1 |i snk2015/25239 |8 0 |0 0 |1 0 |4 0 |d 2015-08-25 |l 0 |r 2025-04-30 00:00:00 |w 2026-02-21 | ||
| 952 | |t snkŠTA/2003 311 |a SNKUST |b SNKUST |y PREZ |7 0 |p 17A0431734 |o snkČSC 1835/13/2003 D1 |i snkPV 1384/2004 |z snkŠTA/2003 311 |0 0 |1 0 |4 0 |d 2004-10-14 |l 0 |r 2025-05-30 00:00:00 |w 2026-02-21 | ||
| 952 | |t snkSTA/2011 311 |a SNKUST |b SNKUST |y PREZ |7 0 |p 17A1030401 |o snkČSC 1835/21/2011 D1 |i snk2012/11371 |8 0 |0 0 |1 0 |4 0 |d 2012-06-11 |l 0 |r 2025-04-30 00:00:00 |w 2026-02-21 | ||
| 952 | |t snkSTA/2013 311 |a SNKUST |b SNKUST |y PREZ |7 0 |p 17A1045855 |o snkČSC 1835/23/2013 D1 |i snk2014/12326 |8 0 |0 0 |1 0 |4 0 |d 2014-05-27 |l 0 |r 2025-04-30 00:00:00 |w 2026-02-21 | ||
| 952 | |t snkŠTA/2000 311 |a SNKUST |b SNKUST |y PREZ |7 0 |p 17A0201983 |o snkČSC 1835/10/2000 D2 |i snk2006/11070 |8 3 |z snkŠTA/2000 311 |0 0 |1 0 |4 0 |d 2006-06-02 |l 0 |r 2025-05-30 00:00:00 |w 2026-02-21 | ||
| 952 | |t snkSTA/2005 311 |a SNKUST |b SNKUST |y PREZ |7 0 |p 17A0510316 |o snkČSC 1835/15/2005 D2 |i snk2006/18572 |8 3 |z snkSTA/2005 311 |0 0 |1 0 |4 0 |d 2007-10-29 |l 0 |r 2025-04-30 00:00:00 |w 2026-02-21 | ||
| 952 | |t snkŠTA/2001 311 |a SNKUST |b SNKUST |y PREZ |7 0 |p 17A0355591 |o snkČSC 1835/11/2001 D1 |i snkKSP 8598/2002 |z snkŠTA/2001 311 |0 0 |1 0 |4 0 |d 2002-07-22 |l 0 |r 2025-05-30 00:00:00 |w 2026-02-21 | ||
| 952 | |t snkŠTA/2004 311 |a SNKUST |b SNKUST |y PREZ |7 0 |p 17A0446401 |o snkČSC 1835/14/2004 D1 |i snk2005/5535 |8 0 |z snkŠTA/2004 311 |0 0 |1 0 |4 0 |d 2005-04-07 |l 0 |r 2025-05-30 00:00:00 |w 2026-02-21 | ||
| 952 | |t snkSTA/2007 311 |a SNKUST |b SNKUST |y PREZ |7 0 |p 17A0582899 |o snkČSC 1835/17/2007 D1 |i snk2008/9949 |8 0 |0 0 |1 0 |4 0 |d 2008-05-06 |l 0 |r 2025-04-30 00:00:00 |w 2026-02-21 | ||
| 952 | |t snkŠTA/1994 311 |a SNKUST |b SNKUST |y PREZ |7 0 |p 17A0329096 |o snkČSC 1835/1994 D1 |i snkKSP 7253/95 |z snkŠTA/1994 311 |0 0 |1 0 |4 0 |d 2002-01-15 |l 0 |r 2025-05-29 00:00:00 |w 2026-02-21 | ||
| 952 | |t snkSTA/2012 311 |a SNKUST |b SNKUST |y PREZ |7 0 |p 17A0867732 |o snkČSC 1835/22/2012 D1 |i snk2013/3716 |8 0 |0 0 |1 0 |4 0 |d 2013-02-14 |l 0 |r 2025-04-30 00:00:00 |w 2026-02-21 | ||
| 952 | |t snkSTA/2008 311 |a SNKUST |b SNKUST |y PREZ |7 0 |p 17A0609689 |o snkČSC 1835/18/2008 D1 |i snk2009/15847 |8 0 |0 0 |1 0 |4 0 |d 2009-09-04 |l 0 |r 2025-04-30 00:00:00 |w 2026-02-21 | ||
| 952 | |t snkSTA/2015 311 |a SNKUST |b SNKUST |y PREZ |7 0 |p 17A1085063 |o snkČSC 1835/25/2015 D1 |i snk2016/2337 |8 0 |0 0 |1 0 |4 0 |d 2016-01-29 |l 0 |r 2025-04-30 00:00:00 |w 2026-02-21 | ||
| 952 | |t snkSTA/2017 311 |a SNKUST |b SNKUST |y PREZ |7 0 |p 17A1267636 |o snkČSC 1835/27/2017 D1 |i snk2018/3709 |8 0 |0 0 |1 0 |4 0 |d 2018-02-08 |l 0 |r 2025-04-30 00:00:00 |w 2026-02-21 | ||
| 952 | |t snkSTA/2018 311 |a SNKUST |b SNKUST |y PREZ |7 0 |p 17A1343214 |o snkČSC 1835/28/2018 D1 |i snk2019/4520 |8 0 |0 0 |1 0 |4 0 |d 2019-02-18 |l 0 |r 2025-04-30 00:00:00 |w 2026-02-21 | ||
| 952 | |t snkSTA/2019 311 |a SNKUST |b SNKUST |y PREZ |7 0 |p 17A1386764 |o snkČSC 1835/29/2019 D1 |i snk2020/4800 |8 0 |0 0 |1 0 |4 0 |d 2020-02-25 |l 0 |r 2026-02-21 22:31:52 |w 2026-02-21 | ||


